| 000 | 01237cam a22003737i 4500 | ||
|---|---|---|---|
| 999 |
_c4247 _d4247 |
||
| 001 | 19587043 | ||
| 003 | OSt | ||
| 005 | 20250203152840.0 | ||
| 008 | 170406s2017 nyua j 000 1 eng | ||
| 010 | _a 2017939182 | ||
| 020 | _a9780316260886 (paperback) | ||
| 020 | _z9780316472111 (ebook) | ||
| 020 | _z9780316472128 (ebook) | ||
| 020 | _z9780316472104 (ebook) | ||
| 040 |
_aDLC _beng _cDLC _erda _dDLC |
||
| 050 | 0 | 0 | _aMLCM 2018/41113 (P) |
| 082 | _a813.6 | ||
| 100 | 1 |
_aLee, Justus, _eauthor. |
|
| 245 | 1 | 0 |
_aDinotrux : _bthe snow blazers / _cadapted by Justus Lee. |
| 246 | 3 | _aSnow blazers | |
| 250 | _aFirst edition. | ||
| 264 | 1 |
_aNew York ; _aBoston : _bLittle, Brown and Company, _c2017. |
|
| 300 |
_a32 pages : _bcolor illustrations ; _c23 cm. |
||
| 336 |
_atext _btxt _2rdacontent |
||
| 336 |
_astill image _bsti _2rdacontent |
||
| 337 |
_aunmediated _bn _2rdamedia |
||
| 338 |
_avolume _bnc _2rdacarrier |
||
| 490 | 0 | _aPassport to reading level 1 | |
| 490 | 0 | _aDreamWorks | |
| 521 | 0 | _aGuided reading level 1. | |
| 906 |
_a7 _bcbc _corignew _d4 _encip _f20 _gy-gencatlg |
||
| 942 |
_2ddc _cNFIC |
||